书目信息 |
| 题名: |
数学分析基础
|
|
| 作者: | 张效先 编 | |
| 分册: | ||
| 出版信息: | 济南 山东教育出版社 2013.07 |
|
| 页数: | 373页 | |
| 开本: | 20cm | |
| 丛书名: | ||
| 单 册: | ||
| 中图分类: | O171 | |
| 科图分类: | ||
| 主题词: | ||
| 电子资源: | ||
| ISBN: | ||
| 000 | 00747nam0 2200229 450 | |
| 001 | 1455019539 | |
| 005 | 20141103151847.35 | |
| 010 | @dCNY1.05 | |
| 092 | @aCN@b日成上海现采 | |
| 100 | @a20140814d2013 ekmy0chiy0110 ea | |
| 101 | 0 | @achi |
| 102 | @aCN@b370000 | |
| 105 | @aa z 000yy | |
| 200 | @a数学分析基础@Ashu xue fen xi ji chu@f张效先等编@Fzhang xiao xian deng bian | |
| 210 | @a济南@c山东教育出版社@d2013.07 | |
| 215 | @a373页@d20cm | |
| 330 | @a本书主要内容包括极限理论、一元函数的微分学、一元函数的积分学、实数的完备性、函数的一致连续性、函数的凸性及级数理论。 | |
| 690 | @aO171@v4 | |
| 701 | 0 | @a张效先@Azhang xiao xian@4编 |
| 801 | 0 | @aCN@b123@c20140814 |
| 905 | @aZUCC@b1@dO171@eZ217 | |
| 906 | @c日成上海现采@dCNY28.00@n1@r1 | |
| 数学分析基础/张效先等编.-济南:山东教育出版社,2013.07 |
| 373页;20cm |
| ISBN :CNY1.05 |
| 本书主要内容包括极限理论、一元函数的微分学、一元函数的积分学、实数的完备性、函数的一致连续性、函数的凸性及级数理论。 |
| ● |
| 相关链接 |
|
|
|
正题名:数学分析基础
索取号:O171/Z217
 
预约/预借
| 序号 | 登录号 | 条形码 | 馆藏地/架位号 | 状态 | 备注 |
| 1 | 205757 | 202057576 | 自科二线504/504自科库 48排1列3层/ [索取号:O171/Z217] | 在馆 | |
| 2 | 205758 | 202057585 | 自科二线504/504自科库 48排1列3层/ [索取号:O171/Z217] | 在馆 |